Khilafat Mkuawia-O-Yazeed. (Record no. 6592)

MARC details
000 -LEADER
fixed length control field 00584nam a2200241 a 4500
020 ## - INTERNATIONAL STANDARD BOOK NUMBER
ISBN
082 00 - DEWEY DECIMAL CLASSIFICATION NUMBER
Classification number 297.09
Author Cutter NIY
100 ## - MAIN ENTRY--AUTHOR NAME
Author name Niyaz, Fatehpuri
245 ## - TITLE STATEMENT
Title Khilafat Mkuawia-O-Yazeed.
260 ## - PUBLICATION, DISTRIBUTION, ETC. (IMPRINT)
Place of publication Hyderabad
Name of publisher Aijaz Mission Press
Year of publication 0000
300 ## - PHYSICAL DESCRIPTION
Number of Pages 32p.
500 ## - GENERAL NOTE
General note includes index and biblioraphy
505 2# - FORMATTED CONTENTS NOTE
Formatted contents note Index
650 ## - SUBJECT ADDED ENTRY--TOPICAL TERM
Topical Term Islam-History-Muawia
942 ## - ADDED ENTRY ELEMENTS (KOHA)
Koha item type Books
700 1# -
-- Niyaz, Fatehpuri
Holdings
Collection code Home library Current library Date acquired Cost, normal purchase price Full call number Accession Number Koha item type
  Henry Martyn Institute Library Henry Martyn Institute Library 07/25/2007 100.00 297.09 NIY 013110 Books
                   Copyright © 2026 | Henry Martyn Institute | Hyderabad | TS-500052 | INDIA | Implemented by hmi.edu.in
Hit-Count:

Powered by Koha